Echelle de mots : de la vie à la mort - Statistiques

Statistiques générales
  • Ce quiz a été pris 1 933 fois
  • Le résultat moyen est 14 sur 18
Statistiques - réponses
Indice Réponse % Correct
La naissance le permet Vie
99%
L'un des cinq sens, peut aussi se dégrader Vue
99%
La fin de tout Mort
95%
Fleur à épines Rose
93%
Ne pas avoir raison Tort
92%
Aller dehors Sort
89%
Avoir le poil coupé Rasé
88%
Boulevard, axe de circulation Rue
83%
Couleur dont les enfants ne raffolent pas Vert
82%
Survient à l'adolescence Mue
80%
Pour contenir la fleur à épines Vase
78%
Assassiné, peut être la cause du dernier mot Tué
77%
Étendu, large (ajouter une lettre) Vaste
66%
Prend sans demander Sert
58%
Produit d'Éole (retirer une lettre) Vent
57%
A permis à l'Histoire d'avancer (ajouter une lettre) Roue
54%
Il s'en est targué Vanté
41%
Acolyte d'Ernie Bert
38%
Aucun quiz correspondant
Distribution des résultats
% des personnes avec chaque résultat
Percentile par nombre de réponses
Votre historique - résultats
Vous n’avez pas pris ce quiz